Central Library and Information Centre
Sibsagar Girls' College, Sivasagar : Assam

ASOMIYA SHABDAR BYAKARAN (Record no. 8542)

MARC details
000 -LEADER
fixed length control field 00401cam a2200169ua 4500
008 - FIXED-LENGTH DATA ELEMENTS--GENERAL INFORMATION
fixed length control field 161201n II |||gr||||Z||||||asm
040 ## - CATALOGING SOURCE
Original cataloging agency MAIN
041 ## - LANGUAGE CODE
-- English
082 ## - DEWEY DECIMAL CLASSIFICATION NUMBER
Classification number 491.451 BAR
100 ## - MAIN ENTRY--PERSONAL NAME
Personal name BARUAH , HEMCHANDRA .
245 ## - TITLE STATEMENT
Title ASOMIYA SHABDAR BYAKARAN
260 ## - PUBLICATION, DISTRIBUTION, ETC.
Place of publication, distribution, etc. GAUHATI:
Name of publisher, distributor, etc. HEMKROSH PRAKASHAN,
Date of publication, distribution, etc. 1984.
300 ## - PHYSICAL DESCRIPTION
Extent 330.
942 ## - ADDED ENTRY ELEMENTS (KOHA)
Koha item type Books
653 ## - INDEX TERM--UNCONTROLLED
Uncontrolled term ASSAMESE LANGUAGE
Holdings
Withdrawn status Lost status Damaged status Not for loan Collection code Home library Current library Shelving location Date acquired Full call number Barcode Date last seen Copy number Price effective from Koha item type
        TBASM Central Library and Information Centre Sibsagar Girls College Central Library and Information Centre Sibsagar Girls College ASSAMESE REFERENCE RACK 20.04.1983 491.451 BAR 07760 27.02.2020 1 27.02.2020 Books


Sibsagar Girl's College © 2020. All rights reserved.
Powered by Koha.
Maintained by Abhijit Borpuzari.